000 00724nam a2200241Ia 4500
008 140110s9999 xx 000 0 und d
020 _a9788131711064
_cRs.245.00
040 _aLoreto College
041 _aEnglish
082 _a005.13(U)/BLA
_bLCLIB/47344
100 _aBlaha,Michael
245 _aObject-oriented modeling and design with UML
_cMichael Blaha and James Rumbaugh
250 _a2nd ed
260 _aDelhi
_bDorling Kindersley(India)
_c2008
300 _axvii,477p
_c23cm
504 _aIncludes index
630 _aProgramming languages
650 _aComputer software - Development
651 _aUML(Computer science)
700 _aRumbaugh,James
850 _aLCLIB/005.13(U)/BLA
942 _cBK
999 _c35970
_d86449